Statistics for 日本のロゴ #1

Click here to take the quiz!

General Stats

  • This quiz has been taken 521 times
  • The average score is 11 of 16

Answer Stats

Answer% Correct
イトーヨーカ堂
94%
はなまるうどん
93%
メルカリ
89%
全日本空輸
77%
相模鉄道
72%
公文教育研究会
72%
かっぱ寿司
71%
三井住友銀行
66%
ダイキン工業
65%
Osaka Metro
64%
積水ハウス
59%
大和ハウス工業
59%
セイコーマート
48%
京阪電気鉄道
45%
第一三共
44%
首都高速道路
38%

Score Distribution

Percentile by Number Answered

Percent of People with Each Score

Your Score History

You have not taken this quiz